| 000 | 00425 a2200181 4500 | ||
|---|---|---|---|
| 999 |
_c11186 _d11186 |
||
| 003 | OSt | ||
| 005 | 20230105131125.0 | ||
| 008 | 230105b ||||| |||| 00| 0 eng d | ||
| 020 | _a9789385360091 | ||
| 040 | _aBMSCA | ||
| 041 | _aeng. | ||
| 082 |
_a720.9543 _bPAN |
||
| 100 | _aPandya, Yatin | ||
| 245 | _aCourtyard houses of India | ||
| 260 |
_bMapin Publishing _c2022 _aAhmedabad |
||
| 300 | _a468 pages | ||
| 942 | _2ddc | ||